Gaming Quiz

Random Gaming or Mario Quiz

Wii Games Above 80% on Game Rankings Quiz Stats

 Plays Quiz not verified by Sporcle

Challenge
Share
Tweet
Embed
Score 0/58 Timer 12:00
0 Plays Today
Company Game % Correct
NintendoSuper Mario Galaxy
81.6%
NintendoSuper Mario Galaxy 2
78.6%
NintendoThe Legend of Zelda: Twilight Princess
73.8%
NintendoThe Legend of Zelda: Skyward Sword
70.9%
NintendoSuper Smash Bros. Brawl
69.9%
NintendoMario Kart Wii
67%
NintendoWii Sports Resort
66%
NintendoNew Super Mario Bros. Wii
62.1%
NintendoMetroid Prime 3: Corruption
60.2%
NintendoDonkey Kong Country Returns
57.3%
NintendoWii Fit
56.3%
CapcomResident Evil 4: Wii Edition
54.4%
Nintendo/Monolith SoftXenoblade Chronicles
53.4%
NintendoKirby's Epic Yarn
45.6%
NintendoMetroid Prime Trilogy
42.7%
2D BoyWorld of Goo
40.8%
NintendoSuper Paper Mario
38.8%
Ubi SoftNo More Heroes
38.8%
NintendoKirby's Return to Dream Land
37.9%
Electronic Arts/MTV GamesRock Band
36.9%
Ubi SoftNo More Heroes 2: Desperate Struggle
35.9%
SegaMadWorld
35.9%
CapcomOkami
34%
CapcomZack & Wiki: Quest for Barbaros' Treasure
34%
Activision/RedOctaneGuitar Hero III: Legends of Rock
33%
Ubi SoftRed Steel 2
33%
NintendoPunch-Out!!
32%
CapcomTatsunoko vs. Capcom: Ultimate All-Stars
31.1%
NintendoWarioWare: Smooth Moves
30.1%
Company Game % Correct
CapcomMega Man 9
27.2%
MajescoA Boy and His Blob
27.2%
CapcomMonster Hunter Tri
25.2%
CapcomMega Man 10
25.2%
THQde Blob
24.3%
Electronic ArtsBoom Blox
21.4%
Marvelous/XSeed GamesLittle King's Story
20.4%
NintendoSin and Punishment: Star Successor
19.4%
ActivisionGoldenEye 007
19.4%
EA SportsMadden NFL 07
17.5%
Marvelous/IgnitionMuramasa: The Demon Blade
16.5%
Bandai NamcoKlonoa
16.5%
AtlusTrauma Team
16.5%
RockstarBully: Scholarship Edition
15.5%
EA SportsTiger Woods PGA Tour 2010
14.6%
Electronic ArtsBoom Blox Bash Party
14.6%
Electronic ArtsDead Space: Extraction
14.6%
SegaThe House of the Dead: Overkill
12.6%
NintendoExcitebots: Trick Racing
10.7%
EA SportsTiger Woods PGA Tour 11
8.7%
KonamiCastlevania: The Adventure ReBirth
8.7%
FrontierLostWinds
8.7%
NintendoRhythm Heaven Fever
7.8%
AtlusTrauma Center: Second Opinion
7.8%
EA SportsNBA Jam
7.8%
Sierra EntertainmentGeometry Wars: Galaxies
3.9%
Broken RulesAnd Yet It Moves
2.9%
KonamiPro Evolution Soccer 2008
2.9%
EA SportsEA Sports Active
2.9%

You're not logged in!

Compare scores with friends on all Sporcle quizzes.
OR
Log In

You Might Also Like...

Show Comments

Extras

Top Quizzes Today


Score Distribution

Your Account Isn't Verified!

In order to create a playlist on Sporcle, you need to verify the email address you used during registration. Go to your Sporcle Settings to finish the process.

Report this User

Report this user for behavior that violates our Community Guidelines.

Details: